| 000 | 00674nam a2200193Ia 4500 | ||
|---|---|---|---|
| 999 |
_c46514 _d46514 |
||
| 001 | 13353 | ||
| 003 | GE_BSU | ||
| 005 | 20240906173503.0 | ||
| 008 | 181216s2014||||ru |||||||||||||| ||rus|| | ||
| 020 | _a9785906016317 | ||
| 040 | _cGE_BSU | ||
| 080 | _a28 А-56 | ||
| 100 |
_aАль-Джанаби, М. М. _923180 |
||
| 245 |
_aФилософия современной мусульманской реформации / _cМ. М. Аль-Джанаби. |
||
| 264 |
_aМосква : _bООО Садра, _c2014. |
||
| 300 |
_a432 стр. ; _c21см. |
||
| 653 | _aФилософия современной мусульманской реформации | ||
| 942 |
_cBK _2udc |
||